00563nam a2200157 a 450000100100000000500170001000800410002704000250006810000420009324500670013526000520020230000200025404900090027495201050028399900170038800003358320200930070350.0110901s1882 es 000 0 spa d aDO-SdBNPbspacBNPHU1 aRoselly de Lorguesd1805-1898.95907510aLes deux cercueils de Christophe Colomb /cRoselly de Lorgues. aParis :bImprime par Pillet et Dumoulin,c1882. a55 p. ;c23 cm. aBNPD 001050718RVaPDbPDcCTd2011-09-01iLF1l0o p33583-10r2020-06-25w2020-06-25y1ZNo se presta c33074d33074